| 000 | 00752nam a2200217Ia 4500 | ||
|---|---|---|---|
| 005 | 20241129105849.0 | ||
| 008 | 241129s9999||||xx |||||||||||||| ||und|| | ||
| 020 | _a978-93-888915-08-3 | ||
| 037 | _aTB | ||
| 040 |
_aARTS _bpun _cARTS |
||
| 041 |
_apun _2pun |
||
| 084 |
_aO153,3:g Q9 _qARTS |
||
| 100 | _aਕੌਰ, ਸੁਖਪ੍ਰੀਤ, ਚ। | ||
| 245 | 0 |
_aਪਰਵਾਸੀ ਪੰਜਾਬੀ ਕਹਾਣੀ _cਕੌਰ, ਸੁਖਪ੍ਰੀਤ, ਚ। |
|
| 260 |
_aਲੁਧਿਆਨਾ, ਭਾਰਤ _bਲੁਧਿਆਨਾ ਚੇਤਨਾ ਪ੍ਰਕਾਸ਼ਨ _c2020 |
||
| 300 | _a204ਪ੍ਰ0 | ||
| 365 |
_aINR _b300 |
||
| 650 |
_aPunjabi Fiction _9179734 |
||
| 942 |
_cTB _hO153,3:g Q9 |
||
| 999 |
_c1226335 _d1226335 |
||